[Event "Berdsk-ch"]
[Site "Berdsk"]
[Date "2011.01.10"]
[Round "9"]
[White "Kruppa, Vladimir"]
[Black "Bogdanov, Kirill"]
[Result "0-1"]
[WhiteElo "1865"]
[BlackElo "2054"]
[PlyCount "56"]
[EventDate "2011.01.02"]
[EventType "swiss"]
[EventRounds "9"]
[EventCountry "RUS"]
[SourceTitle "CBM 140 Extra"]
[Source "ChessBase"]
[SourceDate "2011.03.01"]
[SourceVersion "1"]
[SourceVersionDate "2011.03.01"]
[SourceQuality "1"]

1. e4 c5 2. Nf3 a6 3. d4 cxd4 4. Nxd4 Nc6 5. Be2 Nf6 6. Nc3 e5 7. Nxc6 bxc6 8. Bg5 Bb4 9. 0-0 h6 10. Bxf6 Qxf6 11. Na4 Rb8 12. a3 Be7 13. b4 0-0 14. c4 d6 15. Nc3 Rd8 16. Qc2 Qg6 17. Qd3 f5 18. f3 f4 19. Kh1 Qh5 20. Bd1 Bh4 21. Qe2 Bg3 22. h3 Rf8 23. b5 Rf6 24. bxc6 Bxh3 25. gxh3 Qxh3+ 26. Kg1 Rg6 27. Qg2 Bh2+ 28. Kf2 Rxg2+ 0-1

[Event "Berdsk op"]
[Site "Berdsk"]
[Date "2010.01.09"]
[Round "8"]
[White "Kruppa, Vladimir"]
[Black "Reshetnikov, Anatoly"]
[Result "0-1"]
[WhiteElo "1916"]
[BlackElo "2006"]
[PlyCount "60"]
[EventDate "2010.01.02"]
[EventType "swiss"]
[EventRounds "9"]
[EventCountry "RUS"]
[SourceTitle "CBM 134 Extra"]
[Source "ChessBase"]
[SourceDate "2010.03.03"]
[SourceVersion "1"]
[SourceVersionDate "2010.03.03"]
[SourceQuality "1"]

1. e4 e6 2. d4 d5 3. Nd2 c5 4. exd5 Qxd5 5. dxc5 Bxc5 6. Ngf3 Nf6 7. Bc4 Qd8 8. 0-0 0-0 9. c3 a6 10. Qc2 b5 11. Bd3 Bb7 12. Ng5 h6 13. Nge4 Nxe4 14. Nxe4 Be7 15. Be3 Nd7 16. Rad1 Qc7 17. Qe2 f5 18. Nd2 f4 19. Bxf4 Qxf4 20. Qxe6+ Rf7 21. Qxd7 Rd8 22. Qh3 Bc8 23. Qf3 Qh4 24. Bh7+ Kf8 25. Qe4 Rf4 26. Qe5 Bb7 27. Qe6 Bd5 28. Qh3 Rg4 29. Qe3 Qh5 30. Qh3 Qxh3 0-1

[Event "Berdsk Maestro op 15th"]
[Site "Berdsk"]
[Date "2009.07.10"]
[Round "3"]
[White "Kezin, Roman"]
[Black "Kruppa, Vladimir"]
[Result "1-0"]
[WhiteElo "2249"]
[BlackElo "1906"]
[PlyCount "75"]
[EventDate "2009.07.08"]
[EventType "swiss"]
[EventRounds "9"]
[EventCountry "RUS"]
[SourceTitle "EXT 2022"]
[Source "ChessBase"]
[SourceDate "2021.10.06"]
[SourceVersion "1"]
[SourceVersionDate "2021.10.06"]
[SourceQuality "1"]

1. d4 Nf6 2. c4 g6 3. Nc3 Bg7 4. Nf3 0-0 5. e4 d6 6. h3 e5 7. d5 Nbd7 8. Bg5 h6 9. Be3 Nh7 10. g4 g5 11. Be2 f6 12. h4 Rf7 13. h5 Bf8 14. Nd2 Nb6 15. b4 Bd7 16. c5 Nc8 17. 0-0 Ne7 18. Nc4 Rg7 19. f3 Qe8 20. Qb3 Nc8 21. Rfc1 Kh8 22. a4 c6 23. Rd1 cxd5 24. Nxd5 Be6 25. a5 a6 26. Rac1 Qb5 27. Qb2 Qe8 28. cxd6 Bxd5 29. Rxd5 Rd7 30. Nxe5 Rxd6 31. Ng6+ Kg8 32. Bc4 Kg7 33. Bd4 Rxd5 34. Bxd5 Ne7 35. Rc7 Rc8 36. Qc3 Rxc7 37. Qxc7 Qa4 38. Kg2 1-0

[Event "Novosibirsk Region-ch Seniors"]
[Site "Novosibirsk"]
[Date "2009.02.??"]
[Round "7"]
[White "Portal, Alexander"]
[Black "Kruppa, Vladimir"]
[Result "0-1"]
[WhiteElo "1796"]
[BlackElo "1906"]
[PlyCount "60"]
[EventDate "2009.02.??"]
[EventType "swiss"]
[EventRounds "9"]
[EventCountry "RUS"]
[SourceTitle "EXT 2012"]
[Source "ChessBase"]
[SourceDate "2011.11.24"]
[SourceVersion "1"]
[SourceVersionDate "2011.11.24"]
[SourceQuality "1"]

1. d4 Nf6 2. c4 g6 3. Nc3 Bg7 4. Nf3 0-0 5. e4 d6 6. h3 e5 7. d5 Nbd7 8. Be3 Ne8 9. g4 Ndf6 10. Bg5 c5 11. dxc6 bxc6 12. c5 Qa5 13. cxd6 Bb7 14. Nd2 Nxd6 15. Nb3 Qc7 16. Bg2 Rad8 17. Qc2 Rc8 18. Be3 Ba8 19. Bc5 Rfd8 20. Rd1 Nb5 21. 0-0 Bb7 22. Bb4 Qb8 23. Bc5 Bf8 24. Be3 Ba6 25. Rfe1 Bb4 26. Bd2 Rd7 27. Ne2 c5 28. Bc3 Nd4 29. Nbxd4 cxd4 30. g5 Nh5 0-1

[Event "Novosibirsk Region-ch Seniors"]
[Site "Novosibirsk"]
[Date "2009.02.??"]
[Round "5"]
[White "Volkov, Petr"]
[Black "Kruppa, Vladimir"]
[Result "1-0"]
[WhiteElo "2024"]
[BlackElo "1906"]
[PlyCount "49"]
[EventDate "2009.02.??"]
[EventType "swiss"]
[EventRounds "9"]
[EventCountry "RUS"]
[SourceTitle "EXT 2012"]
[Source "ChessBase"]
[SourceDate "2011.11.24"]
[SourceVersion "1"]
[SourceVersionDate "2011.11.24"]
[SourceQuality "1"]

1. e4 c6 2. d4 d5 3. e5 Bf5 4. Nf3 e6 5. Be2 h6 6. 0-0 Nd7 7. Be3 c5 8. c4 cxd4 9. Nxd4 dxc4 10. Nxf5 exf5 11. e6 fxe6 12. Bxc4 Kf7 13. Qf3 g6 14. Bd4 Bg7 15. Bxe6+ Kxe6 16. Bxg7 Rh7 17. Qb3+ Kd6 18. Rd1+ Ke7 19. Re1+ Kd6 20. Qd3+ Kc6 21. Na3 b6 22. Rac1+ Kb7 23. Qd5+ Kb8 24. Be5+ Nxe5 25. Qxd8+ 1-0

[Event "SFR-ch Seniors"]
[Site "Novosibirsk"]
[Date "2008.10.10"]
[Round "3"]
[White "Konjkov, Victor"]
[Black "Kruppa, Vladimir"]
[Result "1-0"]
[WhiteElo "2005"]
[BlackElo "1907"]
[PlyCount "63"]
[EventDate "2008.10.08"]
[EventType "swiss"]
[EventRounds "9"]
[EventCountry "RUS"]
[SourceTitle "EXT 2022"]
[Source "ChessBase"]
[SourceDate "2021.10.06"]
[SourceVersion "1"]
[SourceVersionDate "2021.10.06"]
[SourceQuality "1"]

1. e4 c6 2. Nc3 d5 3. Nf3 Bg4 4. h3 Bh5 5. exd5 cxd5 6. Bb5+ Nd7 7. g4 Bg6 8. Ne5 Ngf6 9. Nxd5 Qa5 10. b4 Qxb5 11. Nc7+ Kd8 12. Nxb5 Nxe5 13. f4 Be4 14. fxe5 Bxh1 15. exf6 exf6 16. a3 a6 17. Nc3 Bd6 18. Kf2 Bc6 19. d4 Re8 20. Qd3 g6 21. Bd2 Kc7 22. Re1 Rxe1 23. Bxe1 Re8 24. Bd2 b5 25. d5 Bd7 26. Ne4 Be5 27. Nc5 Bc8 28. Bc3 Kd6 29. Bxe5+ fxe5 30. Ne4+ Ke7 31. Qc3 Kd8 32. Nd6 1-0

[Event "Novosibirsk-ch Seniors"]
[Site "Novosibirsk"]
[Date "2008.02.04"]
[Round "2"]
[White "Kruppa, Vladimir"]
[Black "Volkov, Petr"]
[Result "0-1"]
[WhiteElo "1959"]
[BlackElo "2107"]
[PlyCount "65"]
[EventDate "2008.02.03"]
[EventType "swiss"]
[EventRounds "9"]
[EventCountry "RUS"]
[SourceTitle "EXT 2010"]
[Source "ChessBase"]
[SourceDate "2010.11.25"]
[SourceVersion "1"]
[SourceVersionDate "2010.11.25"]
[SourceQuality "1"]

1. e4 e5 2. Nf3 Nc6 3. Bb5 a6 4. Ba4 Nf6 5. 0-0 Nxe4 6. d4 b5 7. Bb3 d5 8. dxe5 Be6 9. c3 Bc5 10. Nbd2 0-0 11. Bc2 Nxd2 12. Bxd2 Bg4 13. Bxh7+ Kxh7 14. Ng5+ Qxg5 15. Bxg5 Bxd1 16. Raxd1 Be7 17. Bf4 Rad8 18. Rd3 Nb8 19. Rh3+ Kg8 20. Rg3 Rfe8 21. Re1 Bf8 22. h4 d4 23. h5 Kh7 24. Rd3 c5 25. cxd4 Rxd4 26. Rxd4 cxd4 27. g4 Nc6 28. Bg3 f6 29. f4 fxe5 30. fxe5 Bb4 31. Rd1 Nxe5 32. Bxe5 Rxe5 33. Rxd4 0-1

[Event "Berdsk op"]
[Site "Berdsk "]
[Date "2007.01.05"]
[Round "2"]
[White "Kruppa, Vladimir"]
[Black "Kuznetsov, Evgeny"]
[Result "1/2-1/2"]
[WhiteElo "1994"]
[BlackElo "2200"]
[PlyCount "81"]
[EventDate "2007.01.04"]
[EventType "swiss"]
[EventRounds "9"]
[EventCountry "RUS"]
[SourceTitle "EXT 2008"]
[Source "ChessBase"]
[SourceDate "2007.11.25"]
[SourceVersion "1"]
[SourceVersionDate "2007.11.25"]
[SourceQuality "1"]

1. e4 e5 2. Nf3 Nf6 3. d4 Nxe4 4. Bd3 d5 5. Nxe5 Nd7 6. 0-0 Nxe5 7. dxe5 Nc5 8. Bf4 Be7 9. Nc3 c6 10. h3 Be6 11. Ne2 Qb6 12. b3 Nxd3 13. cxd3 0-0 14. d4 f6 15. Rc1 Rae8 16. Rc3 Bf5 17. Rg3 Bd8 18. h4 Bc7 19. exf6 Rxf6 20. Bxc7 Qxc7 21. Re3 Rfe6 22. Rxe6 Rxe6 23. Qd2 Re4 24. Ng3 Rf4 25. Nxf5 Rxf5 26. Qe3 Qf4 27. g3 Qxe3 28. fxe3 Rxf1+ 29. Kxf1 h5 30. Kf2 Kf7 31. Kf3 Ke6 32. Kf4 Kf6 33. b4 b5 34. g4 hxg4 35. Kxg4 Kg6 36. h5+ Kf6 37. Kf4 Ke6 38. Kg5 Kf7 39. Kf5 Ke7 40. Kg6 Kf8 41. Kf5 1/2-1/2

[Event "Berdsk op"]
[Site "Berdsk "]
[Date "2007.01.04"]
[Round "1"]
[White "Bocharov, Ivan"]
[Black "Kruppa, Vladimir"]
[Result "1-0"]
[WhiteElo "2383"]
[BlackElo "1994"]
[PlyCount "50"]
[EventDate "2007.01.04"]
[EventType "swiss"]
[EventRounds "9"]
[EventCountry "RUS"]
[SourceTitle "EXT 2008"]
[Source "ChessBase"]
[SourceDate "2007.11.25"]
[SourceVersion "1"]
[SourceVersionDate "2007.11.25"]
[SourceQuality "1"]

1. f4 d5 2. Nf3 Nf6 3. b3 Nc6 4. e3 e6 5. Bb2 Be7 6. Bb5 Bd7 7. 0-0 0-0 8. d3 a6 9. Bxc6 Bxc6 10. Ne5 Be8 11. Nd2 Nd7 12. Qg4 Bf6 13. Rf3 Nxe5 14. Bxe5 Bxe5 15. fxe5 f5 16. exf6 Rxf6 17. Raf1 Rxf3 18. Nxf3 Qd6 19. Ng5 Bd7 20. Rf7 Qe5 21. Rxd7 Qxe3+ 22. Kf1 Qc1+ 23. Kf2 Qxc2+ 24. Kg3 Qxd3+ 25. Nf3 Qe3 1-0